La alfabetización digital y el desarrollo de competencias ciudadanas : modelo pedagógico y didáctico de formación ciudadana con uso de TIC´s /

En el contexto de las transformaciones sociales en torno a la sociedad y economía del conocimiento, se presenta la necesidad de repensar y reconceptualizar la educación para la ciudadanía en un nuevo marco denominado Formación Ciudadana, que considera el aprendizaje de competencias ciudadanas. Estas...

Descripción completa

Detalles Bibliográficos
Autor principal: Contreras Guzmán, David
Otros Autores: Salinas Silva, Victor, Vásquez Lara, Nelson
Formato: Libro
Lenguaje:español
Publicado: Valparaíso Ediciones Universitarias de Valparaíso 2012
Materias:
Acceso en línea:

MARC

LEADER 00000cam a2200000 a 4500
001 015388
003 UAHC_CL
005 20170803121239.0
008 131231s2013 cl 000 spa
020 |a 9789561705364 
040 |a UAHC_CL  |c UAHC_CL  |d UAHC_CL 
082 0 4 |a 371.3340983  |b C764  |2 20 
100 1 |a Contreras Guzmán, David 
245 1 3 |a La alfabetización digital y el desarrollo de competencias ciudadanas :  |b modelo pedagógico y didáctico de formación ciudadana con uso de TIC´s /  |c David Contreras Guzmán, Nelson Vásquez Lara, Víctor Salinas Silva. 
260 |b Ediciones Universitarias de Valparaíso  |a Valparaíso  |c 2012 
300 |a 188 p. 
520 |a En el contexto de las transformaciones sociales en torno a la sociedad y economía del conocimiento, se presenta la necesidad de repensar y reconceptualizar la educación para la ciudadanía en un nuevo marco denominado Formación Ciudadana, que considera el aprendizaje de competencias ciudadanas. Estas apuntan no solo a una recepción pasiva de los discursos de la política formal, sino a una comprensión crítica y profunda de las habilidades y conocimientos para participar de forma responsable y activa.\El texto considera la problemática de la ciudadanía digital, en un contexto donde las tecnologías de la información se han instalado como un elemento básico de socialización y comunicación en la sociedad actual.\Por ello, identificamos que la utilización de las TICs para el desarrollo de competencias ciudadanas es un aspecto de primera necesidad en la actualidad que no puede quedar relegada a un simple nivel informativo (Educación sobre la ciudadanía). En efecto, consideramos que lo que se debe buscar es crear situaciones que permitan la participación de los estudiantes, junto a un nivel de implicación en el que el uso de las TICs juegue un papel importante. En definitiva, se trata de crear entornos de aprendizaje (Jonassen, 2000) que permitan presentar al estudiante una serie de variadas experiencias y escenarios, que le faciliten su propia\construcción del conocimiento. 
650 4 |a TECNOLOGIA EDUCATIVA 
650 4 |a INNOVACIONES EDUCATIVAS 
653 |a PEDAGOGIA EN EDUCACION BASICA 
700 1 |a Salinas Silva, Victor 
700 1 |a Vásquez Lara, Nelson 
900 |a 371.3340983 CON 
942 |c BK 
952 |0 0  |1 0  |4 0  |6 371_334098300000000_CON  |7 0  |8 General  |9 30715  |a BC  |b BC  |c General  |d 2017-08-03  |l 1  |m 1  |o 371.3340983 CON  |p 1411165  |r 2026-01-13 00:00:00  |s 2025-10-24  |t 1  |w 2017-08-03  |y BK 
999 |c 15388  |d 15388